书目信息 |
| 题名: |
大学英语自学教程译文与题解 下
|
|
| 作者: | 李玉鹏 , 张大川 主编 | |
| 分册: | ||
| 出版信息: | 兰州 兰州大学出版社 1998.08 |
|
| 页数: | 310页 | |
| 开本: | 20cm | |
| 丛书名: | ||
| 单 册: | ||
| 中图分类: | H31-43 | |
| 科图分类: | ||
| 主题词: | 英语 | |
| 电子资源: | ||
| ISBN: | 7-311-01223-6 | |
| 000 | 00644nam0 2200205 45 | |
| 001 | 0255420232 | |
| 005 | 2002123015233960 | |
| 010 | @a7-311-01223-6@dRMB 6.50 | |
| 100 | @a20021230d1998 km y0chiy0120 ea | |
| 101 | 0 | @achi |
| 102 | @aCN@b620000 | |
| 200 | 1 | @a大学英语自学教程译文与题解 下@Ada xue ying yu zi xue jiao cheng yi wen yu ti jie xia@f李玉鹏,张大川主编@Fli yu peng,zhang da chuan zhu bian |
| 210 | @a兰州@c兰州大学出版社@d1998.08 | |
| 215 | @a310页@d20cm | |
| 606 | 0 | @a英语 |
| 690 | @aH31-43@v3 | |
| 701 | 0 | @a李玉鹏@Ali yu peng@4主编 |
| 701 | 0 | @a张大川@Azhang da chuan@4主编 |
| 801 | 0 | @aCN@bPFT@c20021230 |
| 905 | @dH31-43@eL320 | |
| 大学英语自学教程译文与题解 下/李玉鹏,张大川主编.-兰州:兰州大学出版社,1998.08 |
| 310页;20cm |
| ISBN 7-311-01223-6:RMB 6.50 |
| ● |
| 相关链接 |
|
|
|
正题名:大学英语自学教程译文与题解 下
索取号:H31-43/L320
 
预约/预借
| 序号 | 登录号 | 条形码 | 馆藏地/架位号 | 状态 | 备注 |
| 1 | 363963 | 203639633 | 语言库209/209语言库 93排2列6层/ [索取号:H31-43/L320] | 在馆 | |
| 2 | 363964 | 203639642 | 语言库209/209语言库 93排2列6层/ [索取号:H31-43/L320] | 在馆 | |
| 3 | 363965 | 203639651 | 语言库209/209语言库 93排2列6层/ [索取号:H31-43/L320] | 在馆 | |
| 4 | 363966 | 203639660 | 语言库209/209语言库 93排2列6层/ [索取号:H31-43/L320] | 在馆 |